000 01270nam a22002417a 4500
003 NALT
005 20210625162105.0
008 s2549 th tha d
020 _a9749425154
040 _aNALT
041 _atha
050 _aE169
_bท622ป 2550
100 0 _aเทพรัตนราชสุดาฯ สยามบรมราชกุมารี, สมเด็จพระ
245 1 0 _aเยือนถิ่นอินเดียนแดง /
_cสมเด็จพระเทพรัตนราชสุดา ฯ สยามบรมราชกุมารี.
250 _aพิมพ์ครั้งที่ 3
260 _aกรุงเทพฯ :
_bมูลนิธิสมเด็จพระเทพรัตนราชสุดา,
_c2549.
300 _a306 หน้า :
_bภาพประกอบ ;
_c18 ซม.
650 0 4 _aเทพรัตนราชสุดาฯ สยามบรมราชกุมารี, สมเด็จพระ -- พระราชนิพนธ์
651 4 _aสหรัฐอเมริกา
_910111
_xภูมิประเทศและการท่องเที่ยว
850 _aNALT
942 _cGB
_2lcc
998 _c103
_j109
_k อารีรัตน์ วิชาช่าง
999 _c50913
_d50913